000 00331pam a2200157a 44500
008 230405s2000 xxu||||| |||| 00| 0 eng d
041 _aENG
100 _aHarvey Maylor
245 _aProject Management
250 _a2
260 _a
_bPitman
_c2000
300 _a291P,24CM
440 _a195
690 _aMCA
906 _a5309
999 _c258168
_d258168